Historical Context and Prospects for Further Development of Trade Cooperation between China and ASEAN

Historický vývoj a súčasný stav spolupráce Číny a krajín ASEAN (združenie krajín Juhovýchodnej Ázie). Výskum poukazuje na to, že v tejto spolupráci prevažujú výhody nad prekážkami. Účasť Číny v projekte "Jeden pás, jedna cesta." Možnosti a výzvy budúcej spolupráce uvedených krajín.

Salvato in:
Dettagli Bibliografici
Autore principale: Královičová, Michaela
Natura: Capitolo di libro
Lingua:inglese
Soggetti:
Tags: Aggiungi Tag
Nessun Tag, puoi essere il primo ad aggiungerne!!

MARC

LEADER 00000nla a2200000 4500
001 0241280
005 20240502073928.1
041 0 |a eng 
044 |a SK 
245 1 0 |a Historical Context and Prospects for Further Development of Trade Cooperation between China and ASEAN  |c Michaela Královičová 
520 |a Historický vývoj a súčasný stav spolupráce Číny a krajín ASEAN (združenie krajín Juhovýchodnej Ázie). Výskum poukazuje na to, že v tejto spolupráci prevažujú výhody nad prekážkami. Účasť Číny v projekte "Jeden pás, jedna cesta." Možnosti a výzvy budúcej spolupráce uvedených krajín. 
610 2 0 |a spolupráca medzinárodná 
610 2 0 |a spolupráca hospodárska medzinárodná 
610 2 0 |a projekty medzinárodné 
610 2 0 |a vývoj 
610 2 0 |a prognózy hospodárske 
610 2 0 |a Ázia 
610 2 0 |a Čína 
100 1 |a Královičová, Michaela